Kỹ năng quản lý lớp học hiệu quả Dành cho giáo viên trung học cơ sở

Đã lưu trong:
Bibliografiske detaljer
Andre forfattere: Nguyễn, Sỹ Thư, Phan, Thị Nga, Đinh, Thị Kim Thoa, Đinh, Xuân Anh
Format: Bog
Sprog:Vietnamese
Udgivet: Hà Nội Đại học Quốc gia 2012
Fag:
Tags: Tilføj Tag
Ingen Tags, Vær først til at tagge denne postø!
Thư viện lưu trữ: Trung tâm Học liệu Lê Vũ Hùng, Trường Đại học Đồng Tháp
LEADER 01046aam a22002898a 4500
001 00031046
005 20171026081025.0
008 130905s2012 ||||||viesd
020 |c 65000 
041 0 # |a vie 
082 1 4 |a 373.1  |b K600N 
245 1 0 |a Kỹ năng quản lý lớp học hiệu quả  |b Dành cho giáo viên trung học cơ sở  |c Đinh Thị Kim Thoa, Nguyễn Sỹ Thư, Phan Thị Nga, Đinh Xuân Anh 
260 # # |a Hà Nội  |b Đại học Quốc gia  |c 2012 
300 # # |a 199 tr.  |c 21 cm. 
653 # # |a Kỹ năng 
653 # # |a Giáo dục 
653 # # |a Quản lý lớp học 
653 # # |a Trung học cơ sở 
700 1 # |a Nguyễn, Sỹ Thư 
700 1 # |a Phan, Thị Nga 
700 1 # |a Đinh, Thị Kim Thoa 
700 1 # |a Đinh, Xuân Anh 
852 # # |b Kho mượn  |j KM.0015950, KM.0015951 
852 # # |b Kho đọc  |j KD.0014889 
852 # # |j KM.0015950  |j KD.0014889  |j KM.0015951 
910 |d 9/2013 
980 # # |a Trung tâm Học liệu Lê Vũ Hùng, Trường Đại học Đồng Tháp